Normal view
MARC view
- Sergio Lanza
Entry Personal Name
001 - CONTROL NUMBER
- control field: 28118
003 - CONTROL NUMBER IDENTIFIER
- control field: IT-RoPau
005 - DATE AND TIME OF LATEST TRANSACTION
- control field: 20140531084755.0
008 - FIXED-LENGTH DATA ELEMENTS
- fixed length control field: 140531|| aca||aabn | a|a d
040 ## - CATALOGING SOURCE
- Original cataloging agency: IT-RoPau
- Transcribing agency: IT-RoPau
100 ## - HEADING--PERSONAL NAME
- Personal name: Sergio Lanza
670 ## - SOURCE DATA FOUND
- Source citation: Work cat.: (IT-RoPau)23952: Sergio Lanza, Introduzione alla teologia pastorale.